00340nam a2200121Ia 45000010005000000080041000050820017000461000058000632450030001212600024001519010028001759990015002033955241024s9999 xx 000 0 und d aRD/630/F673a aFondo Especial para el Desarrollo Agropecuario (FEDA) 0aAniversario 1972-2014, 42 bSanto Domingoc2015 a13/3/2015 12:00:44 p.m. c8012d8012